Music Quiz

Random Music or Artist Quiz

Picture the Song III Quiz Stats

 Plays Quiz Updated Nov 1, 2019

Score 0/299 Timer 10:00
51 Plays Today
% Correct
oh
98.6%
I
98%
I
98%
I
98%
I
98%
I
98%
I
98%
I
98%
I
98%
I
98%
I
98%
I
98%
I
98%
I
98%
I
98%
I
98%
I
98%
I
98%
I
98%
you
91.1%
you
91.1%
you
91.1%
you
91.1%
you
91.1%
you
91.1%
you
91.1%
you
91.1%
you
91.1%
you
91.1%
you
91.1%
you
91.1%
you
91.1%
you
91.1%
the
90.8%
the
90.8%
the
90.8%
the
90.8%
the
90.8%
the
90.8%
the
90.8%
the
90.8%
me
79.7%
me
79.7%
me?
79.7%
me
79.7%
me
79.7%
me?
79.7%
me
79.7%
me
79.7%
me,
79.7%
me,
79.7%
me,
79.7%
me
79.7%
me
79.7%
and
78.6%
And
78.6%
And
78.6%
and
78.6%
And
78.6%
and
78.6%
And
78.6%
and
78.6%
And
78.6%
to
76.6%
in
70%
in
70%
in
70%
in
70%
in
70%
do
68.9%
do
68.9%
do
68.9%
do
68.9%
so
67.4%
so
67.4%
so
67.4%
so
67.4%
so
67.4%
so
67.4%
so
67.4%
so
67.4%
on
67.3%
on
67.3%
on
67.3%
on
67.3%
can,
66.6%
can,
66.6%
can,
66.6%
can,
66.6%
When
62.8%
When
62.8%
When
62.8%
my
61.4%
my
61.4%
my
61.4%
My
61.4%
my
61.4%
my
61.4%
my
61.4%
my
61.4%
% Correct
my
61.4%
are
60.4%
are
60.4%
are
60.4%
if
60.4%
if
60.4%
if
60.4%
if
60.4%
not
57.9%
not
57.9%
not
57.9%
not
57.9%
need
55.8%
need
55.8%
need
55.8%
know
55%
know
55%
was
52.4%
was
52.4%
was
52.4%
I'm
51.8%
I'm
51.8%
I'm
51.8%
I'm
51.8%
I'm
51.8%
I'm
51.8%
I'm
51.8%
just
51.2%
just
51.2%
that
49.7%
any
49.3%
any
49.3%
any
49.3%
way.
48.9%
way.
48.9%
way.
48.9%
(Help!),
47.7%
(Help!),
47.7%
(Help!),
47.7%
(Help!)
47.7%
help
47.7%
Help
47.7%
Help
47.7%
help
47.7%
Help
47.7%
Help
47.7%
help
47.7%
help
47.7%
Help
47.7%
Help
47.7%
help
47.7%
help
47.7%
help
47.7%
help
47.7%
Help
47.7%
Help
47.7%
help
47.7%
But
47.6%
But
47.6%
But
47.6%
But
47.6%
now
47.3%
Now
47.3%
now
47.3%
now
47.3%
now
47.3%
Now
47.3%
now
47.3%
Now
47.3%
feel
46.3%
get
45.9%
get
45.9%
get
45.9%
get
45.9%
please,
45%
please
45%
please,
45%
please
45%
please,
45%
please
45%
please,
45%
please
45%
somebody,
45%
anybody's
44.4%
anybody's
44.4%
anybody's
44.4%
anybody,
44.4%
Won't
44.2%
Won't
44.2%
Won't
44.2%
Won't
44.2%
never
43.9%
never
43.9%
never
43.9%
never
43.9%
like
43.8%
then
43.7%
down
43.4%
down
43.4%
down
43.4%
% Correct
down
43.4%
than
42.6%
than
42.6%
than
42.6%
much
42.6%
much
42.6%
much
42.6%
up
40.2%
up
40.2%
up
40.2%
back
40%
back
40%
back
40%
back
40%
younger,
39.6%
younger
39.6%
younger,
39.6%
younger
39.6%
younger,
39.6%
younger
39.6%
today,
38.8%
today,
38.8%
today,
38.8%
feeling
38.7%
feeling
38.7%
feeling
38.7%
feeling
38.7%
needed
38.7%
needed
38.7%
needed
38.7%
life
38.6%
being
37.5%
being
37.5%
being
37.5%
being
37.5%
feet
37.3%
feet
37.3%
feet
37.3%
feet
37.3%
ground,
37.2%
ground,
37.2%
ground,
37.2%
ground,
37.2%
has
37.1%
appreciate
36.7%
appreciate
36.7%
appreciate
36.7%
appreciate
36.7%
round.
36.1%
round.
36.1%
round.
36.1%
round.
36.1%
gone,
35.4%
gone,
35.4%
gone,
35.4%
someone,
35.2%
I've
35.1%
I've
35.1%
I've
35.1%
I've
35.1%
self
35%
self
35%
self
35%
many
34.9%
days
34.6%
days
34.6%
days
34.6%
assured,
33.3%
assured,
33.3%
assured,
33.3%
mind
33.3%
ways,
33.3%
mind
33.3%
mind
33.3%
these
33%
these
33%
these
33%
find
31.7%
find
31.7%
find
31.7%
every
31.7%
changed
30.9%
changed
30.9%
changed
30.9%
changed
30.9%
before.
29.8%
opened
27.6%
opened
27.6%
opened
27.6%
done
26.2%
vanish
25.6%
insecure,
25.6%
haze.
25.5%
seems
25%
independence
23%
doors.
22.8%
doors.
22.8%
doors.
22.8%
oooh
12.8%

You're not logged in!

Compare scores with friends on all Sporcle quizzes.
OR
Log In

Sporcle TV

Today on Sporcle TV


Watch our educational content, quiz creation guides, and fun videos on Sporcle TV.

Show Comments

Extras

Top Quizzes Today


Score Distribution

Your Account Isn't Verified!

In order to create a playlist on Sporcle, you need to verify the email address you used during registration. Go to your Sporcle Settings to finish the process.

Report this User

Report this user for behavior that violates our Community Guidelines.

Details: